Market commentary (Record no. 82276)

MARC details
000 -LEADER
fixed length control field 00944cad a22001935a 4500
001 - CONTROL NUMBER
control field L149770
008 - FIXED-LENGTH DATA ELEMENTS--GENERAL INFORMATION
fixed length control field 100422e20100318xxk f s 000 0 eng d
035 ## - SYSTEM CONTROL NUMBER
System control number (Sirsi) u149770
041 0# - LANGUAGE CODE
Language code of text/sound track or separate title eng
110 2# - MAIN ENTRY--CORPORATE NAME
Corporate name or jurisdiction name as entry element Council of Mortgage Lenders
9 (RLIN) 5903
245 00 - TITLE STATEMENT
Title Market commentary
Medium [electronic resource]
490 ## - SERIES STATEMENT
Series statement CML Market Commentary
Volume/sequential designation March 2010
520 ## - SUMMARY, ETC.
Summary, etc. Volatility in housing and mortgage market gives a distorted view for early 2010. The end of the stamp duty holiday at end of December which brought forward housing completions and the bad weather in January affected the market. Mortgage lending remains weak indicating that activity is at a low level.
590 ## - LOCAL NOTE (RLIN)
Local note KA
651 #4 - SUBJECT ADDED ENTRY--GEOGRAPHIC NAME
Geographic name England and Wales
Chronological subdivision 1543-
690 ## - LOCAL SUBJECT ADDED ENTRY--TOPICAL TERM (OCLC, RLIN)
Topical term or geographic name as entry element PROPERTY-RESIDENTIAL PROPERTY-RESIDENTIAL PROPERTY MARKET
856 40 - ELECTRONIC LOCATION AND ACCESS
Uniform Resource Identifier <a href="https://live.cml.netxtra.net/cml/publications/marketcommentary/202">https://live.cml.netxtra.net/cml/publications/marketcommentary/202</a>
Public note View the commentary free of charge at www.cml.org.uk
942 ## - ADDED ENTRY ELEMENTS (KOHA)
Suppress in OPAC 0
Holdings
Withdrawn status Lost status Source of classification or shelving scheme Damaged status Not for loan Home library Current library Shelving location Date acquired Total Checkouts Full call number Barcode Date last seen Copy number Price effective from Koha item type
    Dewey Decimal Classification     Virtual Virtual Online 22/04/2010   ONLINE PUBLICATION 149770-2001 06/08/2019 1 06/08/2019 Journal article